A meeting planner's guide to catered events

Bibliographic Details
Main Author: Shock, Patti J
Other Authors: Stefanelli, John M.
Format: Book
Published: Canada : John Wiley & Sons, Inc
Subjects:

MARC

LEADER 00000cam a2200000 7i4500
001 0000027224
005 20090821.0
008 090821
020 |a 0470124116 
090 0 0 |a 642.4   |b SHO 
100 1 |a Shock, Patti J 
245 1 2 |a A meeting planner's guide to catered events   |c Patti J. Shock, John M. Stefanelli 
260 |a Canada :   |b John Wiley & Sons, Inc 
300 |a vii 310p. :   |b ill ;   |c 24cm. 
504 |a Includes bibliographical references 
650 0 |a Caterers and catering 
650 0 |a Congresses and conventions   |x Planning 
650 0 |a Meeting   |x Planning 
700 1 |a Stefanelli, John M. 
999 |a 0001060988   |b Book   |c Adult Collection   |e Perbadanan Perpustakaan Awam Johor